Human Resource Management (Record no. 215)

MARC details
000 -LEADER
fixed length control field 00325nam a2200145Ia 4500
003 - CONTROL NUMBER IDENTIFIER
control field OSt
008 - FIXED-LENGTH DATA ELEMENTS--GENERAL INFORMATION
fixed length control field 191201s2003 xx 000 0 und d
082 ## - DEWEY DECIMAL CLASSIFICATION NUMBER
Classification number 658.3
Item number SAH
100 ## - MAIN ENTRY--PERSONAL NAME
Personal name SAIYADAIN, Mirza S
245 #0 - TITLE STATEMENT
Title Human Resource Management
260 ## - PUBLICATION, DISTRIBUTION, ETC. (IMPRINT)
Place of publication, distribution, etc New Delhi
Name of publisher, distributor, etc TMH
Date of publication, distribution, etc 2003
300 ## - PHYSICAL DESCRIPTION
Extent 792
650 ## - SUBJECT ADDED ENTRY--TOPICAL TERM
Topical term or geographic name as entry element MBA
942 ## - ADDED ENTRY ELEMENTS (KOHA)
Source of classification or shelving scheme Dewey Decimal Classification
Koha item type Text Books
Holdings
Withdrawn status Lost status Source of classification or shelving scheme Damaged status Not for loan Collection code Home library Current library Date acquired Source of acquisition Bill Number Total Checkouts Full call number Acc. no. / Barcode Date last seen Bill Date Koha item type Public note
    Dewey Decimal Classification     Applied Sc. PIET C-LIBRARY PIET C-LIBRARY 27/09/2014 Donated by Priyanka Sehgal donated   658.3 SAH 24997 04/12/2019 16/08/2014 Reference Books Donated

Design & Developed by: PIET Central Library
R70 Miles Stone Pattikalyana Samalkha Panipat 132102
mail ID :- [email protected], Phone No:- 0180-2569700 Ex.216